Cerámica precolombina de Martiníca / (Record no. 15171)
[ view plain ]
| 000 -CABECERA | |
|---|---|
| campo de control de longitud fija | 00854nam a2200229 a 4500 |
| 001 - NÚMERO DE CONTROL | |
| campo de control | 000015616 |
| 005 - FECHA Y HORA DE LA ÚLTIMA TRANSACCIÓN | |
| campo de control | 20240229073954.0 |
| 008 - DATOS DE LONGITUD FIJA--INFORMACIÓN GENERAL | |
| campo de control de longitud fija | 100215s1979 dr 001 0 spa d |
| 040 ## - FUENTE DE LA CATALOGACIÓN | |
| Centro catalogador/agencia de origen | DO-SdBNP |
| Lengua de catalogación | spa |
| Centro/agencia transcriptor | BNPHU |
| 082 ## - NÚMERO DE LA CLASIFICACIÓN DECIMAL DEWEY | |
| Número de clasificación | xxxx |
| Número de documento/Ítem | C411p |
| 049 ## - FONDOS LOCALES (OCLC) | |
| Fondos de biblioteca | BNPD |
| 245 10 - MENCIÓN DE TÍTULO | |
| Título | Cerámica precolombina de Martiníca / |
| Mención de responsabilidad, etc. | edición Ramón Ant. Núñez, José Chez Checo ; traducción María de Giubiley ; presentación Bernardo Vega. |
| 260 ## - PUBLICACIÓN, DISTRIBUCIÓN, ETC. | |
| Lugar de publicación, distribución, etc. | Santo Domingo : |
| Nombre del editor, distribuidor, etc. | Museo del Hombre Dominicano, |
| Fecha de publicación, distribución, etc. | 1979. |
| Fabricante | Taller |
| 300 ## - DESCRIPCIÓN FÍSICA | |
| Extensión | 13 p. : |
| Otras características físicas | il. ; |
| Dimensiones | 21 cm. |
| 490 1# - MENCIÓN DE SERIE | |
| Mención de serie | Catálogo y memorias |
| Designación de volumen o secuencia | no. 10 |
| 500 ## - NOTA GENERAL | |
| Nota general | Exposición temporal |
| 700 1# - PUNTO DE ACCESO ADICIONAL--NOMBRE DE PERSONA | |
| Nombre de persona | Núñez, Ramón Ant. |
| 9 (RLIN) | 35201 |
| 700 1# - PUNTO DE ACCESO ADICIONAL--NOMBRE DE PERSONA | |
| Nombre de persona | Giubiley, María de |
| Término indicativo de función/relación | tr. |
| 9 (RLIN) | 35202 |
| 700 1# - PUNTO DE ACCESO ADICIONAL--NOMBRE DE PERSONA | |
| Nombre de persona | Chez Checo, José, |
| Fechas asociadas al nombre | 1949- |
| Término indicativo de función/relación | ed. |
| 9 (RLIN) | 10145 |
| 700 1# - PUNTO DE ACCESO ADICIONAL--NOMBRE DE PERSONA | |
| Nombre de persona | Vega, Bernardo, |
| Fechas asociadas al nombre | 1938 - |
| 9 (RLIN) | 3222 |
| 830 #0 - PUNTO DE ACCESO ADICIONAL DE SERIE-TÍTULO UNIFORME | |
| Título uniforme | Catálogo y memorias |
| Designación de volumen o secuencia | no. 10 |
| 9 (RLIN) | 35203 |
| Estado de retiro | Estado de pérdida | Restricciones de uso | No para préstamo | Código de colección | Localización permanente | Ubicación/localización actual | Ubicación en estantería | Fecha de adquisición | Número de inventario | Total de préstamos | Signatura topográfica completa | Código de barras | Fecha visto por última vez | Número de copia | Precio válido a partir de | Tipo de ítem Koha |
|---|---|---|---|---|---|---|---|---|---|---|---|---|---|---|---|---|
| Extraviado | Dominicana de Servicio | General | General | Extraviado | 15.02.2010 | LF1 | xxxx C411p | 15616-30 | 25.06.2020 | e. 3 | 25.06.2020 | Libro y Folleto Colección Dominicana de Servicio | ||||
| Extraviado | Dominicana de Servicio | General | General | Extraviado | 15.02.2010 | LF1 | xxxx C411p | 15616-40 | 25.06.2020 | e. 4 | 25.06.2020 | Libro y Folleto Colección Dominicana de Servicio | ||||
| Excluido de préstamo | Patrimonio Dominicano | Patrimonio Dominicano | Patrimonio Dominicano | Depósito | 15.02.2010 | LF1 | xxxx C411p | 15616-10 | 25.06.2020 | 25.06.2020 | Libro y Folleto Colección Patrimonio Dominicano | |||||
| Excluido de préstamo | Patrimonio Dominicano | Patrimonio Dominicano | Patrimonio Dominicano | Depósito | 15.02.2010 | LF1 | xxxx C411p | 15616-20 | 25.06.2020 | e. 2 | 25.06.2020 | Libro y Folleto Colección Patrimonio Dominicano | ||||
| Patrimonio Dominicano | Patrimonio Dominicano | Patrimonio Dominicano | Orden iniciada | 15.02.2010 | LF1 | xxxx C411p | 15617-10 | 25.06.2020 | 25.06.2020 | Libro y Folleto Colección Patrimonio Dominicano | ||||||
| Patrimonio Dominicano | Patrimonio Dominicano | Patrimonio Dominicano | Orden iniciada | 15.02.2010 | LF1 | xxxx C411p | 15617-20 | 25.06.2020 | 25.06.2020 | Libro y Folleto Colección Patrimonio Dominicano |
